Französische Fußballer, die in einem Champions League Finale standen - Statistiken

Allgemein
  • Dieses Quiz wurde 330 mal gespielt
    89 seit der letzten Aktualisierung
  • Das Durchschnittsergebnis liegt bei 19 aus 56
Antwortstatistiken
# Saison Spieler % Korrekt
3 96/97 (N), 97/98 (N), 01/02 (S) Zinedine Zidane
91%
5 13/14 (S), 15/16 (S),16/17 (S), 17/18 (S), 21/22 (S) Karim Benzema
83%
1 05/06 (N) Thierry Henry
83%
1 19/20 (N) Kylian Mbappe
82%
2 21/22 (S), 23/24 (S) Eduardo Camavinga
75%
2 14/15 (N), 19/20 (S) Kingsley Coman
72%
1 12/13 (S) Franck Ribéry
71%
1 24/25 (S) Ousmane Dembele
71%
1 02/03 (N) Lilian Thuram
68%
1 24/25 (N) Marcus Thuram
68%
3 13/14 (S), 16/17 (S),17/18 (S) Raphaël Varane
66%
1 24/25 (S) Desire Doue
63%
1 15/16 (N) Antoine Griezmann
60%
1 20/21 (S) N’Golo Kanté
60%
2 21/22 (S), 23/24 (S) Ferland Mendy
57%
2 15/16 (N), 24/25 (S) Lucas Hernandez
57%
1 24/25 (N) Benjamin Pavard
55%
1 14/15 (N) Paul Pogba
54%
1 19/20 (S) Corentin Tolisso
52%
1 19/20 (N) Presnel Kimpembe
52%
4 92/93 (S), 95/96 (S), 96/97 (N), 97/98 (N) Didier Deschamps
46%
1 00/01 (S) Bixente Lizarazu
43%
1 00/01 (S) Willy Sagnol
43%
1 24/25 (S) Bradley Barcola
42%
1 10/11 (S) Éric Abidal
37%
1 24/25 (S) Warren Zaire-Emery
37%
1 92/93 (S) Fabien Barthez
35%
1 05/06 (N) Robert Pires
34%
1 21/22 (N) Ibrahima Konate
32%
1 99/00 (S) Nicolas Anelka
32%
4 03/04 (N), 07/08 (S),08/09 (N), 10/11 (N) Patrice Evra
28%
2 92/93 (S), 93/94 (S) Marcel Desailly
26%
1 01/02 (S) Claude Makélélé
25%
1 24/25 (S) Senny Mayulu
20%
1 11/12 (S) Florent Malouda
18%
1 92/93 (N) Jean-Pierre Papin
18%
1 18/19 (N) Moussa Sissoko
15%
1 19/20 (N) Layvin Kurzawa
14%
1 97/98 (S) Christian Karembeu
11%
1 04/05 (S) Djibril Cissé
11%
1 03/04 (N) Edouard Cisse
11%
2 03/04 (N), 05/06 (S) Ludovic Giuly
11%
1 14/15 (S) Jérémy Mathieu
9%
1 92/93 (S) Basile Boli
3%
1 05/06 (N) Mathieu Flamini
3%
1 92/93 (S) Éric Di Meco
2%
2 99/00 (N), 00/01 (N) Jocelyn Angloma
2%
1 92/93 (S) Jocelyn Angloma
2%
1 92/93 (S) Franck Sauzée
0%
1 03/04 (N) Gael Givet
0%
1 92/93 (S) Jean-Christophe Thomas
0%
1 92/93 (S) Jean-Jacques Eydelie
0%
1 92/93 (S) Jean-Philippe Durand
0%
1 03/04 (N) Jerome Rothen
0%
1 03/04 (N) Julien Rodriguez
0%
1 03/04 (N) Sebastien Squillaci
0%
Keine übereinstimmenden Quizze gefunden
Verteilung der Resultate
Anzahl Personen mit jedem Resultat
Perzentil nach korrekt beantworteten Fragen
Ihre Resultats-Entwicklung
Sie haben dieses Quiz seit der letzten Aktualisierung nicht gespielt